000 00642nam a2200229Ia 4500
003 BUBTL
008 151213s9999 xx 000 0 und d
041 _aEnglish
082 _a341/ R1836i/ 2004
100 _aRashid, Barister Harun -Ur
_95885
245 _aInternational Law/
_cBarister Harun -Ur - Rashid
250 _a3rd ed.
260 _aDhaka :
_bAnupam Gyan Bhander ;
_cc2004
300 _a513 p. :
_bill. ; 21 cm.
526 _aLaw
650 _aLaw
650 _a
_95884
700 _aBarister Harun -Ur - Rashid
_95883
856 _k0
_l0
_yDownload
942 _2ddc
_cBK
999 _c3440
_d3440